000 00879nam a2200265 a 4500
001
003 DO-SdBNP
005 20211124095617.0
008 100223s2008 dr 000 p spa d
020 _a9789993442790
040 _aDO-SdBNP
_bspa
_cBPMSU
082 _aA861.5
_bB361n 2008
_222
100 1 _aBayo, Romina,
_d1980-
245 1 0 _aNos dolerá la noche /
_cAdriana Romina Bayo ; presentación Alejandro Arvelo.
260 _aSanto Domingo :
_bDirección General de la Feria del Libro,
_c2008.
300 _a63 p. ;
_c23 cm.
500 _aIncluye datos biográficos de la autora en la solapa de la cubierta.
586 _aPremio Internacional de Poesía Joven, Feria del Libro 2007
590 _aInventariado, 2021/VM
650 4 _aPoesía argentina
650 4 _aLiteratura argentina
700 1 _aArvelo, Alejandro
910 _aVMateo V.
942 _2ddc
_cBK
999 _c13896
_d13896